000 01269nam a2200301 a 4500
001 000013362
003 DO-SdBNP
005 20260316084605.0
008 091123s1994 dr ac 001 i spa d
040 _aDO-SdBNP
_bspa
_cBNPHU
082 4 _aRD866.42
_bF198H,1994
_222
245 0 0 _aFamilia Henríquez Ureña :
_bepistolario /
_cedición y notas Arístides Incháustegui.
260 _aSanto Domingo :
_bSEEBAC,
_c1994.
300 _aviii, 1012 p. :
_bil., retrs. ;
_c23 cm.
490 1 _aPublicaciones del Sequicententenario de la Independencia Nacional
500 _aIncluye notas al pie de las páginas
500 _aPublicaciones del sesquicentenario de la independencia nacional
504 _aIncluye bibliografía (p.1111 -1112)
590 _aInventariado, 2019/VM
600 0 _aHenríquez Ureña, Familia
_930564
650 4 _aCartas dominicanas
_xHistoria
_930565
700 1 _aIncháustegui Cabral, Héctor,
_d1912-1979
_eed.
_921024
700 1 _aDelgado Malagón, Blanca,
_eed.
_922928
710 1 _aRepública Dominicana.
_bSecretaría de Estado de Educación, Bellas Artes y Cultos
_923965
830 0 _aPublicaciones del Sequicententenario de la Independencia Nacional
_930566
910 _aValidado. Control de calidad BNPHU.
942 _2ddc
_cLBS1
999 _c12989
_d12989